Statistiken für Größte Städte in Niederbayern

Klicken Sie hier um das Quiz zu spielen!

Allgemein

  • Dieses Quiz wurde 102 mal gespielt
  • Das Durchschnittsergebnis liegt bei 11 aus 20

Antwortstatistiken

EinwohnerKreisStadt% Korrekt
52.803kreisfreiPassau
100%
73.411kreisfreiLandshut
97%
33.721DeggendorfDeggendorf
95%
19.985Dingolfing-LandauDingolfing
87%
16.842KelheimKelheim
84%
47.791kreisfreiStraubing
84%
13.562Dingolfing-LandauLandau an der Isar
80%
16.758PassauVilshofen an der Donau
52%
12.953Rottal-InnPfarrkirchen
49%
13.028DeggendorfPlattling
48%
13.840Rottal-InnEggenfelden
45%
16.041PassauPocking
37%
13.996KelheimAbensberg
34%
11.764DeggendorfOsterhofen
34%
12.203LandshutVilsbiburg
34%
12.720LandshutErgolding
31%
15.163KelheimMainburg
31%
14.604KelheimNeustadt an der Donau
30%
12.430KelheimBad Abbach
28%
11.999LandshutEssenbach
22%

Verteilung der Resultate

Perzentil nach korrekt beantworteten Fragen

Anzahl Personen mit jedem Resultat

Ihre Resultats-Entwicklung

Sie haben dieses Quiz noch nicht gespielt